000 00754nam a2200217Ia 4500
999 _c36283
_d36283
001 2190
003 GE_BSU
005 20221020144138.0
008 181216s1960ru xx |||||||||||||| ||rus||
040 _cGE_BSU
041 _arus
080 _a09 А-68
100 _aАмусин,И.Д.
_915390
245 _aРукописи мертвого моря /
_cИ.Д. Амусин,Отв.ред.С.И.Ковалев.
264 _aМосква :
_bИзд-во АНСССР,
_c1960.
300 _a271стр.:
_b19 см.
653 _aРукописи мертвого моря
653 _aმკვდარი ზღვის ხელნაწერები
700 _aКовалев, С.И.
_eრედაქტორი
_915393
942 _cBK
_2udc